000 00717nam a2200193Ii 4500
003 JO-AjNU
008 230605s9999||||xx |||||||||||||| ||und||
040 _aJO-AjNU
_bara
_erda
_cJO-AjNU
041 _aara
050 1 4 _aQH585.2.H3712 2007
100 3 _aهاريس ، مورين؛ ترجمة: علي السعدي ، عبد السلام ابو الحاج ,
_eauthor
_934934
245 0 0 _aالطرق العامة لزراعة الخلية =Genral Techniques of cell culture
264 3 1 _aعمان:دار الفرقان ، 2007
300 _a270ص
336 _atext
_btxt
_2rdacontent
337 _aunmediated
_bn
_2rdamedia
338 _avolume
_bnc
_2rdacarrier
650 4 _aخلايا-زراعة-ادلة
_934935
999 _aA14373
_c17941
_d17941